Catálogo

El legado pedagógico del siglo XX para la escuela del siglo XXI / (Registro nro. 29063)

Detalles MARC
000 -LEADER
fixed length control field 01382cam a2200385 i 4500
001 - CONTROL NUMBER
control field 29063
003 - CONTROL NUMBER IDENTIFIER
control field Mx-PuUPA
005 - DATE AND TIME OF LATEST TRANSACTION
control field 20250721073837.0
008 - FIXED-LENGTH DATA ELEMENTS--GENERAL INFORMATION
fixed length control field 140415s2002 sp a gr 000 0 spa d
017 ## - COPYRIGHT OR LEGAL DEPOSIT NUMBER
Copyright or legal deposit number B-45.216-2002
020 ## - INTERNATIONAL STANDARD BOOK NUMBER
International Standard Book Number 8478272569
040 ## - CATALOGING SOURCE
Transcribing agency Mx-PuUPA
Original cataloging agency Mx-PuUPA
Language of cataloging spa
Modifying agency Mx-PuUPA
Description conventions rda
041 0# - LANGUAGE CODE
Language code of text/sound track or separate title spa
245 03 - TITLE STATEMENT
Title El legado pedagógico del siglo XX para la escuela del siglo XXI /
Statement of responsibility, etc. J. Trilla, coordinador ; E. Cano, M. Carretero, A. Escofet [y otros 14]
250 ## - EDITION STATEMENT
Edition statement 2a. edición /
Remainder of edition statement noviembre
264 #1 - PRODUCTION, PUBLICATION, DISTRIBUTION, MANUFACTURE, AND COPYRIGHT NOTICE
Place of production, publication, distribution, manufacture Barcelona :
Name of producer, publisher, distributor, manufacturer Editorial Graó,
Date of production, publication, distribution, manufacture, or copyright notice 2002
300 ## - PHYSICAL DESCRIPTION
Extent 360 páginas :
Other physical details ilustraciones (en blanco y negro) ;
Dimensions 24 cm
336 ## - CONTENT TYPE
Fuente rdacontent
Content type term texto
Content type code txt
337 ## - MEDIA TYPE
Source rdamedia
Media type term sin medio
Media type code n
338 ## - CARRIER TYPE
Source rdacarrier
Carrier type term volumen
Carrier type code nc
490 0# - SERIES STATEMENT
Series statement Historia de la educación
650 #7 - SUBJECT ADDED ENTRY--TOPICAL TERM
Source of heading or term armarc
Topical term or geographic name entry element Educación
General subdivision Historia
Chronological subdivision Siglo XX
650 #7 - SUBJECT ADDED ENTRY--TOPICAL TERM
Source of heading or term armarc
Topical term or geographic name entry element Pedagogía
General subdivision Historia
Chronological subdivision Siglo XX
650 #7 - SUBJECT ADDED ENTRY--TOPICAL TERM
Source of heading or term armarc
Topical term or geographic name entry element Educación
General subdivision Aspectos políticos
650 #7 - SUBJECT ADDED ENTRY--TOPICAL TERM
Source of heading or term armarc
Topical term or geographic name entry element Pedagogía
700 1# - ADDED ENTRY--PERSONAL NAME
9 (RLIN) 17312
Personal name Trilla i Bernet, Jaume,
Relator term coordinador
700 1# - ADDED ENTRY--PERSONAL NAME
Personal name Cano, E.,
Relator term editor
700 1# - ADDED ENTRY--PERSONAL NAME
Personal name Carretero, M.,
Relator term editor
700 1# - ADDED ENTRY--PERSONAL NAME
Personal name Escofet, A.,
Relator term editor
942 ## - ADDED ENTRY ELEMENTS (KOHA)
Source of classification or shelving scheme Dewey Decimal Classification
Koha item type Libro
Classification part 370.90904
Item part L46
Existencias
Withdrawn status Lost status Source of classification or shelving scheme Damaged status Not for loan Collection code Home library Current library Shelving location Date acquired Source of acquisition Total Checkouts Full call number Barcode Date last seen Price effective from Koha item type
    Dewey Decimal Classification     General Biblioteca Karol Wojtyla Biblioteca Karol Wojtyla Sala general 03/12/2013 Donación   370.90904 L46 2002 63133 05/01/2026 03/12/2013 Libro